| 000 | 00599cam a2200205 4500 | ||
|---|---|---|---|
| 001 | B3259 | ||
| 008 | 090401t1990 xxu||||| |||| 00| 0 eng d | ||
| 035 | _a(Sirsi) u54972 | ||
| 041 | _aeng | ||
| 050 | _a346.411043 | ||
| 110 |
_aAllsop and Co _92757 |
||
| 245 | _aProperty law in Scotland and England: a short guide to the main cross-border differences | ||
| 260 |
_aLondon _bAllsop and Co _c1990 |
||
| 300 | _a19p. ; 21cm. | ||
| 350 | _a25 | ||
| 500 | _aSuperseded by E96806 "Property law in Scotland and England" Golds, [1999] | ||
| 710 |
_aGolds _9170 |
||
| 942 | _n0 | ||
| 948 | _c04/03/1997 | ||
| 999 |
_c93529 _d93529 |
||